[Event "Blitz 2018"]
[Site "Saint-Petersburg"]
[Date "2018.12.30"]
[Round "19"]
[Board "43"]
[White "Popov Valerij (RUS)"]
[Black "Moiseenko Vadim (RUS)"]
[Result "1-0"]
[LiveChessVersion "1.4.8"]
[BlackElo "2560"]
[WhiteElo "2574"]

1. c4 {[%clk 0:03:03]} b6 {[%clk 0:03:00]} 2. d4 {[%clk 0:02:57]} e6
{[%clk 0:02:59]} 3. e4 {[%clk 0:02:53]} Bb7 {[%clk 0:02:57]} 4. f3
{[%clk 0:02:45]} Bb4+ {[%clk 0:02:49]} 5. Bd2 {[%clk 0:02:45]} Qh4+
{[%clk 0:02:38]} 6. g3 {[%clk 0:02:41]} Bxd2+ {[%clk 0:02:37]} 7. Qxd2
{[%clk 0:02:40]} Qh5 {[%clk 0:02:38]} 8. Nc3 {[%clk 0:02:33]} f5 {[%clk 0:02:36]}
9. exf5 {[%clk 0:02:26]} Qxf5 {[%clk 0:02:17]} 10. O-O-O {[%clk 0:02:03]} Ne7
{[%clk 0:02:06]} 11. d5 {[%clk 0:01:45]} Na6 {[%clk 0:01:51]} 12. Bh3
{[%clk 0:01:36]} Qg6 {[%clk 0:01:35]} 13. dxe6 {[%clk 0:01:37]} O-O-O
{[%clk 0:01:35]} 14. exd7+ Kb8 15. Nge2 {[%clk 0:01:29]} Nc5 {[%clk 0:01:19]} 16.
Nf4 {[%clk 0:01:13]} Qh6 {[%clk 0:01:17]} 17. Rhe1 {[%clk 0:01:08]} Nc6
{[%clk 0:01:07]} 18. Bg4 {[%clk 0:00:59]} Nb4 {[%clk 0:01:06]} 19. b3
{[%clk 0:00:44]} g5 {[%clk 0:01:05]} 20. Nfd5 {[%clk 0:00:36]} Nbd3+
{[%clk 0:01:03]} 21. Kb1 {[%clk 0:00:34]} Nxe1 {[%clk 0:00:59]} 22. Rxe1
{[%clk 0:00:34]} Qg6+ {[%clk 0:00:49]} 23. Ka1 {[%clk 0:00:35]} h5
{[%clk 0:00:50]} 24. Bh3 {[%clk 0:00:33]} g4 {[%clk 0:00:50]} 25. Bg2 Rxd7
{[%clk 0:00:49]} 26. Qe2 {[%clk 0:00:23]} Qg7 {[%clk 0:00:41]} 27. Qe5
{[%clk 0:00:24]} Rf8 {[%clk 0:00:36]} 28. f4 {[%clk 0:00:25]} Qh7
{[%clk 0:00:28]} 29. Re2 {[%clk 0:00:24]} Rd6 {[%clk 0:00:24]} 30. Qe7
{[%clk 0:00:23]} Qxe7 {[%clk 0:00:24]} 31. Rxe7 {[%clk 0:00:24]} h4
{[%clk 0:00:21]} 32. b4 {[%clk 0:00:23]} Nd3 {[%clk 0:00:13]} 33. Nb5
{[%clk 0:00:23]} Rxd5 {[%clk 0:00:12]} 34. cxd5 {[%clk 0:00:22]} Nxb4
{[%clk 0:00:07]} 35. Nxc7 {[%clk 0:00:23]} hxg3 {[%clk 0:00:07]} 36. hxg3
{[%clk 0:00:24]} Rh8 {[%clk 0:00:08]} 37. a3 {[%clk 0:00:22]} Nc2+
{[%clk 0:00:08]} 38. Kb2 {[%clk 0:00:23]} Nd4 {[%clk 0:00:09]} 39. Kc3
{[%clk 0:00:21]} Nf5 {[%clk 0:00:10]} 40. Rf7 {[%clk 0:00:20]} Nxg3
{[%clk 0:00:08]} 41. Kd3 {[%clk 0:00:19]} Nh5 {[%clk 0:00:06]} 42. Nb5
{[%clk 0:00:19]} Ba6 {[%clk 0:00:06]} 43. a4 {[%clk 0:00:21]} g3 {[%clk 0:00:05]}
44. d6 {[%clk 0:00:21]} Rd8 {[%clk 0:00:04]} 45. Ke3 {[%clk 0:00:21]} Bxb5
{[%clk 0:00:04]} 46. Rb7+ {[%clk 0:00:22]} Kc8 {[%clk 0:00:06]} 47. axb5
{[%clk 0:00:23]} Rxd6 {[%clk 0:00:07]} 48. Rxa7 {[%clk 0:00:24]} Rf6
{[%clk 0:00:06]} 49. f5 {[%clk 0:00:24]} Kd8 {[%clk 0:00:06]} 50. Ra8+
{[%clk 0:00:23]} Ke7 {[%clk 0:00:07]} 51. Be4 {[%clk 0:00:24]} Ng7
{[%clk 0:00:05]} 52. Kf4 {[%clk 0:00:26]} g2 {[%clk 0:00:05]} 53. Ra1
{[%clk 0:00:27]} Ne6+ {[%clk 0:00:06]} 54. Ke5 {[%clk 0:00:28]} Nc7
{[%clk 0:00:04]} 55. Bxg2 {[%clk 0:00:26]} Rf7 {[%clk 0:00:03]} 56. Bc6
{[%clk 0:00:26]} Rh7 {[%clk 0:00:03]} 57. Rg1 {[%clk 0:00:27]} Rf7
{[%clk 0:00:04]} 58. Rg8 Rh7 59. f6+ {[%clk 0:00:29]} Kf7 {[%clk 0:00:08]} 60.
Bd5+ {[%clk 0:00:30]} Nxd5 {[%clk 0:00:09]} 61. Rb8 Rh5+ {[%clk 0:00:07]} 62. Kd6
{[%clk 0:00:31]} Rf5 {[%clk 0:00:08]} 63. Kc6 {[%clk 0:00:28]} Re5
{[%clk 0:00:05]} 64. Rd8 {[%clk 0:00:27]} Re6+ {[%clk 0:00:03]} 65. Kxd5
{[%clk 0:00:26]} Rxf6 {[%clk 0:00:03]} 66. Rd6 {[%clk 0:00:23]} 1-0

[Event "Blitz 2018"]
[Site "Saint-Petersburg"]
[Date "2018.12.30"]
[Round "19"]
[Board "44"]
[White "Najer Evgeniy (RUS)"]
[Black "Reshetnikov Alexey (RUS)"]
[Result "1-0"]
[LiveChessVersion "1.4.8"]
[BlackElo "2473"]
[WhiteElo "2573"]

1. e4 {[%clk 0:03:03]} b6 {[%clk 0:03:03]} 2. d4 {[%clk 0:03:03]} Bb7
{[%clk 0:03:05]} 3. Bd3 {[%clk 0:03:04]} e6 {[%clk 0:03:06]} 4. Nf3
{[%clk 0:03:05]} c5 {[%clk 0:03:05]} 5. c3 {[%clk 0:03:05]} Nf6 {[%clk 0:02:58]}
6. Qe2 {[%clk 0:03:06]} Nc6 {[%clk 0:02:57]} 7. a3 {[%clk 0:03:06]} Be7
{[%clk 0:02:45]} 8. O-O {[%clk 0:03:05]} d5 {[%clk 0:02:32]} 9. e5
{[%clk 0:03:06]} Nd7 {[%clk 0:02:33]} 10. b4 {[%clk 0:02:59]} O-O
{[%clk 0:02:17]} 11. Nbd2 {[%clk 0:02:59]} Bc8 {[%clk 0:01:34]} 12. Re1
{[%clk 0:02:24]} cxd4 {[%clk 0:01:27]} 13. cxd4 {[%clk 0:02:23]} f5
{[%clk 0:01:27]} 14. exf6 {[%clk 0:01:48]} Nxf6 {[%clk 0:01:28]} 15. b5
{[%clk 0:01:43]} Na5 {[%clk 0:01:26]} 16. Ng5 {[%clk 0:01:35]} Bd6
{[%clk 0:01:15]} 17. Nxe6 {[%clk 0:01:02]} Bxe6 {[%clk 0:01:16]} 18. Qxe6+
{[%clk 0:01:03]} Kh8 {[%clk 0:01:18]} 19. Qh3 {[%clk 0:01:03]} Qc8
{[%clk 0:01:00]} 20. Bf5 {[%clk 0:01:02]} Qc7 {[%clk 0:00:53]} 21. Nf3
{[%clk 0:01:02]} Rae8 {[%clk 0:00:46]} 22. Be3 {[%clk 0:01:02]} Bf4
{[%clk 0:00:36]} 23. Bg6 {[%clk 0:01:01]} Re7 {[%clk 0:00:31]} 24. Bxf4
{[%clk 0:00:35]} Rxe1+ {[%clk 0:00:32]} 25. Rxe1 {[%clk 0:00:37]} Qxf4
{[%clk 0:00:33]} 26. Bd3 {[%clk 0:00:32]} Nc4 {[%clk 0:00:33]} 27. a4
{[%clk 0:00:32]} Ne4 {[%clk 0:00:23]} 28. Qh4 {[%clk 0:00:15]} Qxh4
{[%clk 0:00:09]} 29. Nxh4 {[%clk 0:00:16]} Nc3 {[%clk 0:00:10]} 30. Re7
{[%clk 0:00:09]} Nxa4 {[%clk 0:00:09]} 31. Nf5 {[%clk 0:00:09]} Nc3
{[%clk 0:00:05]} 32. Nxg7 {[%clk 0:00:10]} Nxb5 {[%clk 0:00:06]} 33. Ne6
{[%clk 0:00:11]} Rc8 {[%clk 0:00:04]} 34. Rxh7+ Kg8 35. Rg7+ {[%clk 0:00:12]} Kh8
{[%clk 0:00:07]} 36. h4 {[%clk 0:00:12]} Nb2 {[%clk 0:00:08]} 37. Bf5
{[%clk 0:00:12]} Re8 {[%clk 0:00:05]} 38. Rh7+ {[%clk 0:00:12]} Kg8
{[%clk 0:00:06]} 39. Rg7+ Kh8 40. Rd7 {[%clk 0:00:12]} Nc3 {[%clk 0:00:04]} 41.
Kh2 {[%clk 0:00:11]} Nbd1 {[%clk 0:00:05]} 42. g4 {[%clk 0:00:11]} Nxf2
{[%clk 0:00:06]} 43. g5 {[%clk 0:00:12]} Nfe4 {[%clk 0:00:06]} 44. Rh7+
{[%clk 0:00:10]} Kg8 {[%clk 0:00:08]} 45. Rg7+ Kh8 46. Rxa7 {[%clk 0:00:12]} Nd2
{[%clk 0:00:10]} 47. g6 {[%clk 0:00:11]} Nf3+ {[%clk 0:00:11]} 48. Kg3
{[%clk 0:00:12]} Nd2 {[%clk 0:00:05]} 49. h5 {[%clk 0:00:09]} Nce4+
{[%clk 0:00:03]} 50. Kf4 {[%clk 0:00:10]} Nc4 {[%clk 0:00:03]} 51. h6
{[%clk 0:00:11]} 1-0

[Event "Blitz 2018"]
[Site "Saint-Petersburg"]
[Date "2018.12.30"]
[Round "19"]
[Board "45"]
[White "Hakobyan Aram (ARM)"]
[Black "Grachev Boris (RUS)"]
[Result "0-1"]
[LiveChessVersion "1.4.8"]
[BlackElo "2571"]
[WhiteElo "2451"]

1. d4 {[%clk 0:03:03]} d5 {[%clk 0:03:03]} 2. c4 {[%clk 0:03:04]} e6
{[%clk 0:03:05]} 3. Nc3 {[%clk 0:03:05]} a6 {[%clk 0:03:06]} 4. cxd5
{[%clk 0:03:06]} exd5 {[%clk 0:03:07]} 5. Bf4 {[%clk 0:03:07]} c6
{[%clk 0:03:00]} 6. e3 {[%clk 0:03:07]} Bd6 {[%clk 0:02:59]} 7. Bxd6
{[%clk 0:03:03]} Qxd6 {[%clk 0:03:00]} 8. Bd3 {[%clk 0:03:04]} Nf6
{[%clk 0:02:58]} 9. Nf3 {[%clk 0:02:59]} Bg4 {[%clk 0:02:55]} 10. Qb3
{[%clk 0:02:46]} Bxf3 {[%clk 0:02:35]} 11. gxf3 {[%clk 0:02:04]} b5
{[%clk 0:01:55]} 12. a4 {[%clk 0:01:51]} b4 {[%clk 0:01:55]} 13. Ne2
{[%clk 0:01:51]} a5 {[%clk 0:01:51]} 14. Rc1 {[%clk 0:01:51]} Nbd7
{[%clk 0:01:33]} 15. e4 {[%clk 0:01:50]} Nh5 {[%clk 0:01:27]} 16. Qc2
{[%clk 0:01:47]} Rc8 {[%clk 0:01:17]} 17. e5 {[%clk 0:01:47]} Qh6
{[%clk 0:01:15]} 18. Qd2 {[%clk 0:01:48]} Qxd2+ {[%clk 0:00:58]} 19. Kxd2
{[%clk 0:01:49]} c5 {[%clk 0:00:43]} 20. dxc5 {[%clk 0:01:21]} Nxc5
{[%clk 0:00:43]} 21. Bb5+ {[%clk 0:01:14]} Ke7 {[%clk 0:00:43]} 22. Nd4
{[%clk 0:01:14]} g6 {[%clk 0:00:36]} 23. Rc2 {[%clk 0:01:09]} Ne6
{[%clk 0:00:36]} 24. Nc6+ {[%clk 0:01:08]} Kf8 {[%clk 0:00:37]} 25. Nxa5
{[%clk 0:01:06]} Kg7 {[%clk 0:00:37]} 26. Nb3 {[%clk 0:00:53]} Ng5
{[%clk 0:00:33]} 27. Nd4 {[%clk 0:00:44]} Nf4 {[%clk 0:00:29]} 28. a5
{[%clk 0:00:35]} Rb8 {[%clk 0:00:23]} 29. Bc6 {[%clk 0:00:31]} Nfe6
{[%clk 0:00:21]} 30. Nxe6+ {[%clk 0:00:30]} Nxe6 {[%clk 0:00:21]} 31. Kd3
{[%clk 0:00:22]} b3 {[%clk 0:00:17]} 32. Rc3 {[%clk 0:00:22]} Rb4
{[%clk 0:00:18]} 33. a6 {[%clk 0:00:17]} Nf4+ {[%clk 0:00:19]} 34. Kd2
{[%clk 0:00:14]} Rd4+ {[%clk 0:00:20]} 35. Ke3 {[%clk 0:00:14]} Rb4
{[%clk 0:00:20]} 36. Rd1 {[%clk 0:00:14]} d4+ {[%clk 0:00:15]} 37. Rxd4
{[%clk 0:00:14]} Rxd4 {[%clk 0:00:16]} 38. Kxd4 {[%clk 0:00:14]} Ne2+
{[%clk 0:00:17]} 39. Kd3 {[%clk 0:00:11]} Nxc3 {[%clk 0:00:18]} 40. bxc3
{[%clk 0:00:08]} Rd8+ {[%clk 0:00:17]} 41. Ke2 {[%clk 0:00:07]} b2
{[%clk 0:00:17]} 42. Be4 {[%clk 0:00:08]} Rd7 {[%clk 0:00:15]} 43. c4
{[%clk 0:00:05]} Ra7 {[%clk 0:00:15]} 44. Kd2 {[%clk 0:00:06]} Rxa6
{[%clk 0:00:16]} 45. Kc2 {[%clk 0:00:08]} Rb6 {[%clk 0:00:14]} 46. Kb1
{[%clk 0:00:08]} Rb4 47. c5 Kf8 {[%clk 0:00:07]} 48. c6 {[%clk 0:00:10]} Ke7
{[%clk 0:00:06]} 49. Bd5 {[%clk 0:00:12]} Rb5 {[%clk 0:00:07]} 50. c7
{[%clk 0:00:09]} Rc5 {[%clk 0:00:07]} 51. Kxb2 {[%clk 0:00:10]} Rxc7
{[%clk 0:00:08]} 52. f4 {[%clk 0:00:09]} Rc5 {[%clk 0:00:08]} 53. Bb3
{[%clk 0:00:09]} g5 {[%clk 0:00:04]} 54. fxg5 {[%clk 0:00:11]} Rxe5
{[%clk 0:00:06]} 55. f4 {[%clk 0:00:05]} Re2+ {[%clk 0:00:06]} 56. Kc3
{[%clk 0:00:07]} Rxh2 {[%clk 0:00:06]} 57. Bc2 {[%clk 0:00:08]} Rh3+
{[%clk 0:00:04]} 58. Kd4 {[%clk 0:00:09]} Rh4 {[%clk 0:00:04]} 59. Ke5
{[%clk 0:00:10]} Rh2 {[%clk 0:00:05]} 60. Bd3 {[%clk 0:00:11]} Rh3
{[%clk 0:00:06]} 61. Bf5 {[%clk 0:00:12]} Rh1 {[%clk 0:00:06]} 62. Be4
{[%clk 0:00:12]} Rh2 {[%clk 0:00:07]} 63. Bd3 {[%clk 0:00:13]} Rh5
{[%clk 0:00:06]} 64. Be2 {[%clk 0:00:11]} Rh2 {[%clk 0:00:04]} 65. Bd3
{[%clk 0:00:12]} h6 {[%clk 0:00:05]} 66. g6 {[%clk 0:00:05]} Rh5+
{[%clk 0:00:04]} 67. Kd4 {[%clk 0:00:03]} fxg6 {[%clk 0:00:04]} 68. Bxg6
{[%clk 0:00:04]} Rh2 {[%clk 0:00:04]} 69. Ke5 {[%clk 0:00:05]} Rb2
{[%clk 0:00:05]} 70. f5 {[%clk 0:00:06]} Rb5+ {[%clk 0:00:06]} 71. Kf4
{[%clk 0:00:06]} Kf6 {[%clk 0:00:07]} 72. Kg4 {[%clk 0:00:07]} Rb2
{[%clk 0:00:08]} 73. Be8 {[%clk 0:00:06]} Rg2+ {[%clk 0:00:08]} 74. Kf3
{[%clk 0:00:07]} Rg5 {[%clk 0:00:09]} 75. Bg6 {[%clk 0:00:07]} h5
{[%clk 0:00:10]} 76. Be8 {[%clk 0:00:07]} h4 {[%clk 0:00:08]} 77. Bc6
{[%clk 0:00:07]} Kxf5 78. Kf2 Kf4 {[%clk 0:00:09]} 79. Bb7 {[%clk 0:00:09]} Rb5
{[%clk 0:00:09]} 80. Bc6 {[%clk 0:00:07]} Rb2+ {[%clk 0:00:10]} 81. Kf1
{[%clk 0:00:04]} Kg3 {[%clk 0:00:11]} 82. Bd5 {[%clk 0:00:04]} h3
{[%clk 0:00:11]} 0-1

[Event "Blitz 2018"]
[Site "Saint-Petersburg"]
[Date "2018.12.30"]
[Round "19"]
[Board "47"]
[White "Ragger Markus (AUT)"]
[Black "Salgado Lopez Ivan (ESP)"]
[Result "0-1"]
[LiveChessVersion "1.4.8"]
[BlackElo "2513"]
[WhiteElo "2677"]

1. e4 {[%clk 0:03:04]} e5 {[%clk 0:03:02]} 2. Nf3 {[%clk 0:03:05]} Nc6
{[%clk 0:03:03]} 3. Bc4 {[%clk 0:03:06]} Bc5 {[%clk 0:03:04]} 4. d3
{[%clk 0:03:07]} d6 {[%clk 0:03:03]} 5. O-O {[%clk 0:03:04]} h6 {[%clk 0:03:01]}
6. c3 {[%clk 0:03:03]} Bb6 {[%clk 0:03:01]} 7. a4 {[%clk 0:02:55]} a6
{[%clk 0:02:59]} 8. Re1 {[%clk 0:02:53]} Qf6 {[%clk 0:02:57]} 9. Be3
{[%clk 0:02:53]} Bxe3 {[%clk 0:02:52]} 10. fxe3 {[%clk 0:02:54]} Nge7
{[%clk 0:02:38]} 11. Rf1 {[%clk 0:02:55]} O-O {[%clk 0:02:35]} 12. Nbd2
{[%clk 0:02:45]} Ng6 {[%clk 0:02:23]} 13. Qe1 {[%clk 0:02:44]} Qe7
{[%clk 0:02:16]} 14. d4 {[%clk 0:02:36]} Kh8 {[%clk 0:02:13]} 15. Qg3
{[%clk 0:02:35]} Bd7 {[%clk 0:01:53]} 16. h4 {[%clk 0:02:06]} Rg8
{[%clk 0:01:45]} 17. Ng5 {[%clk 0:01:27]} Nxh4 {[%clk 0:01:23]} 18. Rxf7
{[%clk 0:01:11]} Qxg5 {[%clk 0:01:23]} 19. Qxg5 {[%clk 0:01:12]} hxg5
{[%clk 0:01:23]} 20. Rxd7 {[%clk 0:01:13]} Rgd8 {[%clk 0:01:18]} 21. Rxc7
{[%clk 0:00:58]} Rac8 {[%clk 0:01:19]} 22. Rxc8 {[%clk 0:00:46]} Rxc8
{[%clk 0:01:21]} 23. g3 {[%clk 0:00:47]} Ng6 {[%clk 0:01:18]} 24. Kg2
{[%clk 0:00:49]} Nf8 {[%clk 0:01:19]} 25. Rh1+ {[%clk 0:00:46]} Nh7
{[%clk 0:01:19]} 26. Be6 {[%clk 0:00:42]} Rc7 {[%clk 0:01:14]} 27. Nf3
{[%clk 0:00:43]} Nd8 {[%clk 0:01:08]} 28. Nxg5 {[%clk 0:00:43]} g6
{[%clk 0:01:03]} 29. Bf7 {[%clk 0:00:41]} Rxf7 {[%clk 0:01:03]} 30. Nxf7+
{[%clk 0:00:42]} Nxf7 {[%clk 0:01:04]} 31. b4 {[%clk 0:00:41]} Kg7
{[%clk 0:01:05]} 32. c4 {[%clk 0:00:39]} Nf6 {[%clk 0:01:05]} 33. c5
{[%clk 0:00:40]} Nxe4 {[%clk 0:01:05]} 34. Rc1 {[%clk 0:00:41]} dxc5
{[%clk 0:00:44]} 35. dxc5 {[%clk 0:00:42]} Nd8 {[%clk 0:00:43]} 36. b5
{[%clk 0:00:43]} axb5 {[%clk 0:00:42]} 37. axb5 {[%clk 0:00:44]} Ne6
{[%clk 0:00:43]} 38. c6 {[%clk 0:00:45]} bxc6 {[%clk 0:00:44]} 39. bxc6
{[%clk 0:00:46]} Nc7 {[%clk 0:00:45]} 40. g4 {[%clk 0:00:24]} Kf6
{[%clk 0:00:42]} 41. Rd1 {[%clk 0:00:12]} Nc5 {[%clk 0:00:41]} 42. Rd6+
{[%clk 0:00:11]} Kf7 {[%clk 0:00:32]} 43. Kf3 {[%clk 0:00:09]} g5
{[%clk 0:00:30]} 44. Rh6 {[%clk 0:00:10]} e4+ {[%clk 0:00:31]} 45. Ke2
{[%clk 0:00:11]} Ke7 {[%clk 0:00:30]} 46. Kd2 {[%clk 0:00:06]} N5e6
{[%clk 0:00:30]} 47. Kc3 {[%clk 0:00:07]} Kd6 {[%clk 0:00:32]} 48. Kc4
{[%clk 0:00:08]} Kxc6 {[%clk 0:00:33]} 49. Rg6 {[%clk 0:00:09]} Kd6
{[%clk 0:00:34]} 50. Rh6 {[%clk 0:00:10]} Nd5 {[%clk 0:00:34]} 51. Kb3
{[%clk 0:00:07]} Nxe3 {[%clk 0:00:34]} 52. Kc3 {[%clk 0:00:08]} Nxg4
{[%clk 0:00:34]} 53. Rh8 {[%clk 0:00:08]} Ke5 {[%clk 0:00:35]} 54. Kd2
{[%clk 0:00:10]} Nf6 {[%clk 0:00:34]} 55. Ke3 {[%clk 0:00:11]} Nd5+
{[%clk 0:00:35]} 56. Kf2 {[%clk 0:00:12]} e3+ {[%clk 0:00:35]} 57. Kf3
{[%clk 0:00:13]} Nd4+ {[%clk 0:00:36]} 58. Kg4 {[%clk 0:00:12]} e2
{[%clk 0:00:37]} 59. Rh1 {[%clk 0:00:13]} Ne3+ {[%clk 0:00:36]} 60. Kg3
{[%clk 0:00:14]} Ke4 {[%clk 0:00:35]} 61. Kf2 {[%clk 0:00:11]} Kd3
{[%clk 0:00:32]} 62. Rh3 {[%clk 0:00:12]} Ndc2 {[%clk 0:00:32]} 0-1

[Event "Blitz 2018"]
[Site "Saint-Petersburg"]
[Date "2018.12.30"]
[Round "19"]
[Board "48"]
[White "Savchenko Boris (RUS)"]
[Black "Tukhaev Adam (UKR)"]
[Result "1-0"]
[LiveChessVersion "1.4.8"]
[BlackElo "2529"]
[WhiteElo "2639"]

1. Nc3 {[%clk 0:03:00]} g6 {[%clk 0:03:02]} 2. h4 {[%clk 0:03:00]} h5
{[%clk 0:02:58]} 3. d4 {[%clk 0:03:01]} Bg7 {[%clk 0:02:59]} 4. e4
{[%clk 0:03:02]} c6 {[%clk 0:02:55]} 5. Nf3 {[%clk 0:02:58]} d5 {[%clk 0:02:56]}
6. Ng5 {[%clk 0:02:53]} dxe4 {[%clk 0:02:49]} 7. Be3 {[%clk 0:02:38]} Nf6
{[%clk 0:02:35]} 8. Ncxe4 {[%clk 0:02:36]} Nd5 {[%clk 0:01:51]} 9. Bc4
{[%clk 0:02:30]} Nd7 {[%clk 0:01:45]} 10. Nxf7 {[%clk 0:02:29]} Kxf7
{[%clk 0:01:43]} 11. Ng5+ {[%clk 0:02:29]} Kg8 {[%clk 0:01:42]} 12. Qd3
{[%clk 0:02:27]} Nf8 {[%clk 0:01:38]} 13. a4 {[%clk 0:02:24]} Bf5
{[%clk 0:01:38]} 14. Qb3 {[%clk 0:02:25]} Qd7 {[%clk 0:01:34]} 15. O-O-O
{[%clk 0:02:24]} Ne6 {[%clk 0:01:13]} 16. Nf3 {[%clk 0:02:22]} Kh7
{[%clk 0:01:10]} 17. Rhe1 {[%clk 0:02:22]} Bf6 {[%clk 0:00:58]} 18. Bg5
{[%clk 0:02:16]} Nxg5 {[%clk 0:00:46]} 19. hxg5 {[%clk 0:02:16]} Bg7
{[%clk 0:00:48]} 20. Nh4 {[%clk 0:02:13]} Rab8 {[%clk 0:00:35]} 21. f3
{[%clk 0:02:07]} Rhf8 {[%clk 0:00:26]} 22. g4 {[%clk 0:02:02]} hxg4
{[%clk 0:00:27]} 23. fxg4 {[%clk 0:02:03]} Bxg4 {[%clk 0:00:28]} 24. Qd3
{[%clk 0:01:47]} Bf5 {[%clk 0:00:29]} 25. Qg3 {[%clk 0:01:45]} Qd6
{[%clk 0:00:21]} 26. Rh1 {[%clk 0:01:37]} Kg8 {[%clk 0:00:20]} 27. Qe1
{[%clk 0:01:32]} e6 {[%clk 0:00:13]} 28. Bb3 {[%clk 0:01:31]} Qf4+
{[%clk 0:00:11]} 29. Kb1 {[%clk 0:01:31]} Rbe8 {[%clk 0:00:09]} 30. Qa5
{[%clk 0:01:27]} a6 {[%clk 0:00:07]} 31. Ka2 {[%clk 0:01:20]} Qd6
{[%clk 0:00:04]} 32. Ka1 b5 33. Qe1 {[%clk 0:01:03]} Qb4 {[%clk 0:00:06]} 34. a5
{[%clk 0:00:28]} Qxe1 {[%clk 0:00:07]} 35. Rhxe1 {[%clk 0:00:28]} Re7
{[%clk 0:00:04]} 36. c3 {[%clk 0:00:25]} Rfe8 {[%clk 0:00:05]} 37. Rd2
{[%clk 0:00:24]} Nf4 {[%clk 0:00:05]} 38. Rf1 {[%clk 0:00:23]} Nd5
{[%clk 0:00:06]} 39. Re1 {[%clk 0:00:24]} Nc7 {[%clk 0:00:04]} 40. Rf2
{[%clk 0:00:24]} Nd5 {[%clk 0:00:05]} 41. Ree2 {[%clk 0:00:25]} Rf7
{[%clk 0:00:05]} 42. Re1 {[%clk 0:00:25]} Rff8 {[%clk 0:00:07]} 43. Rfe2
{[%clk 0:00:24]} Bg4 {[%clk 0:00:08]} 44. Re4 {[%clk 0:00:24]} Bf5
{[%clk 0:00:08]} 45. Nxf5 {[%clk 0:00:22]} gxf5 {[%clk 0:00:09]} 46. Rxe6
{[%clk 0:00:23]} Rxe6 47. Rxe6 {[%clk 0:00:24]} Kh7 {[%clk 0:00:06]} 48. Rxc6
{[%clk 0:00:25]} Ne3 {[%clk 0:00:07]} 49. Rxa6 {[%clk 0:00:16]} f4
{[%clk 0:00:08]} 50. Re6 {[%clk 0:00:11]} f3 {[%clk 0:00:04]} 51. Rxe3
{[%clk 0:00:12]} f2 {[%clk 0:00:06]} 52. Bc2+ {[%clk 0:00:12]} Kg8
{[%clk 0:00:07]} 53. Bd3 {[%clk 0:00:13]} f1=Q+ {[%clk 0:00:06]} 54. Bxf1
{[%clk 0:00:14]} Rxf1+ {[%clk 0:00:07]} 55. Ka2 {[%clk 0:00:15]} Rf5
{[%clk 0:00:06]} 56. b4 {[%clk 0:00:14]} Bf8 {[%clk 0:00:06]} 57. Re5
{[%clk 0:00:13]} Rf2+ {[%clk 0:00:04]} 58. Kb3 {[%clk 0:00:14]} Bg7
{[%clk 0:00:04]} 59. Rxb5 {[%clk 0:00:15]} Rf1 {[%clk 0:00:05]} 60. a6
{[%clk 0:00:16]} Rf7 {[%clk 0:00:03]} 61. Rb7 {[%clk 0:00:16]} Rf1
{[%clk 0:00:03]} 62. a7 {[%clk 0:00:17]} Ra1 {[%clk 0:00:04]} 63. Rb8+
{[%clk 0:00:17]} 1-0

[Event "Blitz 2018"]
[Site "Saint-Petersburg"]
[Date "2018.12.30"]
[Round "19"]
[Board "49"]
[White "Riazantsev Alexander (RUS)"]
[Black "Nozdrachev Vladislav (RUS)"]
[Result "1-0"]
[LiveChessVersion "1.4.8"]
[BlackElo "2521"]
[WhiteElo "2633"]

1. d4 {[%clk 0:03:03]} Nf6 {[%clk 0:03:03]} 2. c4 {[%clk 0:03:05]} e6
{[%clk 0:03:03]} 3. Nf3 {[%clk 0:03:05]} c5 {[%clk 0:02:59]} 4. d5
{[%clk 0:03:06]} exd5 {[%clk 0:03:00]} 5. cxd5 {[%clk 0:03:07]} d6
{[%clk 0:03:01]} 6. Nc3 {[%clk 0:03:08]} g6 {[%clk 0:03:03]} 7. Bf4
{[%clk 0:03:08]} Bg7 {[%clk 0:03:02]} 8. Qa4+ {[%clk 0:03:09]} Bd7
{[%clk 0:02:58]} 9. Qb3 {[%clk 0:03:10]} Qc7 {[%clk 0:02:56]} 10. h3
{[%clk 0:03:09]} a6 {[%clk 0:02:52]} 11. a4 {[%clk 0:03:09]} O-O {[%clk 0:02:52]}
12. e3 {[%clk 0:03:10]} Bf5 {[%clk 0:02:45]} 13. Nd2 {[%clk 0:03:10]} h5
{[%clk 0:02:18]} 14. Be2 {[%clk 0:03:01]} Re8 {[%clk 0:02:09]} 15. Nc4
{[%clk 0:02:52]} Bf8 {[%clk 0:02:09]} 16. Qd1 {[%clk 0:02:01]} Bc8
{[%clk 0:01:50]} 17. g4 {[%clk 0:01:59]} hxg4 {[%clk 0:01:50]} 18. hxg4
{[%clk 0:02:00]} Nbd7 {[%clk 0:01:48]} 19. g5 {[%clk 0:01:21]} Ne4
{[%clk 0:01:49]} 20. Nxe4 {[%clk 0:01:22]} Rxe4 {[%clk 0:01:50]} 21. Bd3
{[%clk 0:01:24]} Re8 {[%clk 0:01:37]} 22. Qc2 {[%clk 0:01:23]} Ne5
{[%clk 0:01:35]} 23. Bxe5 {[%clk 0:01:17]} Rxe5 {[%clk 0:01:26]} 24. Nxe5
{[%clk 0:01:17]} dxe5 {[%clk 0:01:27]} 25. O-O-O {[%clk 0:00:55]} b5
{[%clk 0:01:21]} 26. d6 {[%clk 0:00:51]} Qxd6 {[%clk 0:01:19]} 27. Be4
{[%clk 0:00:52]} Qb8 {[%clk 0:01:16]} 28. Bxg6 {[%clk 0:00:45]} Be6
{[%clk 0:01:13]} 29. Bf5 {[%clk 0:00:35]} Bxf5 {[%clk 0:00:59]} 30. Qxf5
{[%clk 0:00:35]} Bg7 {[%clk 0:01:00]} 31. Rd7 {[%clk 0:00:37]} Qe8
{[%clk 0:01:01]} 32. g6 {[%clk 0:00:19]} fxg6 {[%clk 0:01:01]} 33. Qh3
{[%clk 0:00:21]} Kf8 {[%clk 0:00:57]} 34. Qf3+ {[%clk 0:00:22]} Kg8
{[%clk 0:00:55]} 35. Qd5+ {[%clk 0:00:24]} Kf8 {[%clk 0:00:56]} 36. Rh7
{[%clk 0:00:25]} 1-0